Statistics for Who has Scored 4 or More Goals in a Champions League Match?

Click here to take the quiz!

General Stats

  • This quiz has been taken 255 times
    (183 since last reset)
  • The average score is 12 of 19

Answer Stats

GoalsHome TeamScoreAway TeamSeasonAnswer% Correct
5Manchester City7 : 0RB Leipzig2022/23Erling Haaland
99%
5Barcelona7 : 1Bayer Leverkusen2011/12Lionel Messi
97%
4Barcelona4 : 1Arsenal2009/10Lionel Messi
97%
4Real Madrid8 : 0Malmö2015/16Cristiano Ronaldo
94%
4Crvena Zvezda0 : 6Bayern Munich2019/20Robert Lewandowski
93%
4Borussia Dortmund4 : 1Real Madrid2012/13Robert Lewandowski
93%
4Anderlecht0 : 5Paris Saint-Germain2013/14Zlatan Ibrahimovic
80%
4Tottenham Hotspur2 : 7Bayern Munich2019/20Serge Gnabry
74%
4Bayern Munich7 : 0FC Basel2011/12Mario Gómez
60%
4Fenerbahce0 : 4AC Milan2005/06Andriy Shevchenko
55%
4Sporting Lisbon1 : 5Ajax Amsterdam2021/22Sebastien Haller
55%
4Manchester United4 : 1Sparta Prague2004/05Ruud van Nistelrooy
46%
5Bate Borisov0 : 7Shakhtar Donetsk2014/15Luiz Adriano
45%
4Valencia3 : 4Atalanta2019/20Josip Ilicic
44%
4Sevilla0 : 4Chelsea2020/21Olivier Giroud
44%
4AC Milan4 : 0IFK Göteborg1992/93Marco van Basten
40%
4Lazio5 : 1Olympique Marseille1999/00Simone Inzaghi
40%
4Dinamo Zagreb1 : 7Olympique Lyon2011/12Bafétimbi Gomis
20%
4Monaco8 : 3Deportivo La Coruña2003/04Dado Prso
18%

Score Distribution

Percentile by Number Answered

Percent of People with Each Score

Your Score History

You have not taken this quiz since the last reset